00257nam a2200121Ia 4500003000400000005001700004008004100021020001500062040001700077100001000094245002300104260000800127OSt20240212094213.0170523s9999 xx 000 0 und d a0471907170 ciimtu meerut aWHITE 0aOPERATION RESEARCH bPHI